Legend of Suheldev (Record no. 38130)

MARC details
000 -LEADER
fixed length control field 01574nam a22001937a 4500
020 ## - INTERNATIONAL STANDARD BOOK NUMBER
ISBN 978-9356291034
082 ## - DEWEY DECIMAL CLASSIFICATION NUMBER
Classification number 823 AMI
100 ## - MAIN ENTRY--AUTHOR NAME
Personal name Amish
245 ## - TITLE STATEMENT
Title Legend of Suheldev
250 ## - EDITION STATEMENT
Edition statement 1
260 ## - PUBLICATION, DISTRIBUTION, ETC. (IMPRINT)
Name of publisher Harper Collins
Place of publication Haryana
Year of publication 2022
300 ## - PHYSICAL DESCRIPTION
Number of Pages Paperback ‏ : ‎ 325 pages
500 ## - GENERAL NOTE
General note Item Weight ‏ : ‎ 294 g<br/>Dimensions ‏ : ‎ 13.34 x 1.91 x 20.32 cm
520 ## - SUMMARY, ETC.
Summary, etc A Forgotten Hero. An Unforgettable Battle.<br/><br/>India, 1025 AD.<br/><br/>Repeated attacks by Mahmud of Ghazni and his barbaric Turkic hordes have weakened India's northern regions. The invaders lay waste to vast swathes of the subcontinent-plundering, killing, raping, pillaging. Many of the old Indian kingdoms, tired and divided, fall to them. Those who do fight, battle with old codes of chivalry, and are unable to stop the savage Turkic army which repeatedly breaks all rules to win. Then the Turks raid and destroy one of the holiest temples in the land: the magnificent Lord Shiva temple at Somnath.<br/><br/>At this most desperate of times, a warrior rises to defend the nation.<br/><br/>King Suheldev.<br/><br/>The ruler of a small kingdom, he sees what must be done for his motherland, and is willing to sacrifice his all for it.<br/><br/>A fierce rebel. A charismatic leader. An inclusive patriot.<br/><br/>Read this blockbuster epic adventure of courage and heroism, a fictional tale based on true events, that recounts the story of that lionhearted warrior and the magnificent Battle of Bahraich.
546 ## - LANGUAGE NOTE
Language note Language ‏ : ‎ English
650 ## - SUBJECT ADDED ENTRY--TOPICAL TERM
Topical Term GEN
942 ## - ADDED ENTRY ELEMENTS (KOHA)
Koha item type Text Book
952 ## - LOCATION AND ITEM INFORMATION (KOHA)
Damaged status
Not for loan
Holdings
Withdrawn status Collection code Permanent Location Current Location Date acquired Source of acquisition Cost, normal purchase price Inventory number Full call number Accession Number Price effective from Koha item type
  GENERAL VAST Central Library VAST Central Library 28/11/2025 Minerva Books 399.00 90 823 AMI 38275 22/12/2025 Text Book